00343nam a22000977a 4500082001200000100001600012245011200028260004100140650002400181700004000205 a200 THE aUzma Gulzar aTH-SOF-1082-Classification of Blood Vessels as Arteries and Veins for Diagnosis of Hypertensive Retinopathy aISLAMABADbNUST COLLEGE OF EMEc2015 aMS-CSE-12 MSTHESIS aSUPERVISOR Dr. Muhammad Usman Akram